Guess The Cryptid - Statistics

General Stats
  • This quiz has been taken 137 times
  • The average score is 6 of 15
Answer Stats
Hint Answer % Correct
Hairy ape-like creature of North America Bigfoot
97%
Monster of a Scottish lake Loch Ness Monster
88%
Blood-sucker of Latin America Chupacabra
80%
Cannibal human that resides in the snow of North America Wendigo
74%
Navajo legend Skinwalker
60%
Long invertebrate in the Mongolian desert Death Worm
48%
British Colombia lake monster Ogopogo
33%
Arabian ghosts/spirit Jinn
25%
Ship sighted off the coast of South Africa The Flying Dutchman
20%
Russian Sasquatch Almas
9%
Still living Pterosaur Ropen
9%
Mysterious lights seen in the Australian outback Min Min Lights
5%
Mysterious aerial cylinders Rods
5%
Giant being found off the murky coast of Whistable, Kent near a pier Crabzilla
4%
A hunched humanoid being that emerges from drains and hops like a frog The Frogman Of Priestdale
2%
No matching quizzes found
Score Distribution
Percent of People with Each Score
Percentile by Number Answered
Your Score History
You have not taken this quiz